Premiers ministres québécois par image #1 - Statistiques

Statistiques générales
  • Ce quiz a été pris 110 fois
  • Le résultat moyen est 9 sur 12
Statistiques - réponses
Par images Réponse % Correct
François Legault
100%
Pauline Marois
99%
Jean Charest
93%
Philippe Couillard
93%
René Lévesque
93%
Robert Bourassa
92%
Maurice Duplessis
81%
Jean Lesage
70%
Bernard Landry
67%
Lomer Gouin
32%
Pierre-Joseph-Olivier Chauveau
28%
Charles-Eugène Boucher de Boucherville
17%
Aucun quiz correspondant
Distribution des résultats
% des personnes avec chaque résultat
Percentile par nombre de réponses
Votre historique - résultats
Vous n’avez pas pris ce quiz